00491nam a22001217a 4500999001700000100003900017245012500056260003000181300000700211700004200218942000700260952010200267 c64701d64698 aMuhammad Abu Bakar Shaikh a15ME27 aDevelopment and performance anaylysis of a rought terrain RC vehicle using rocker bogie mechanical with live video feed  aNawabshah bQuest c2019  a43 aDepartment of Mechanical Engineering  cBK 00104070aQUESTCLbRESEARCHd2019-03-05l0pMEP/32-392r2019-03-05 00:00:00w2019-03-05yTHESIS